[Event "IM"]
[Site "Kostrena CRO"]
[Date "2002.09.01"]
[Round "4"]
[White "Dumpor,A"]
[Black "Levar,N"]
[Result "1-0"]
[WhiteElo "2376"]
[BlackElo "2249"]

1.e4 c5 2.Nf3 Nc6 3.Bb5 Na5 4.O-O a6 5.Be2 d6 6.b4 cxb4 7.a3 bxa3 8.Bxa3 Nf6
9.Nc3 g6 10.d4 Qc7 11.Qd3 Be6 12.d5 Bg4 13.Bb4 Bxf3 14.Qxf3 Nc4 15.Nb5 Qc8
16.Bxc4 Qxc4 17.Nxd6+ exd6 18.Qxf6 Rg8 19.Bxd6 g5 20.Qe5+ Kd7 21.Bxf8 Raxf8
22.Rfb1 Qc8 23.c4 Qc7 24.Qf5+ Kd8 25.Qf6+ Kc8 26.c5 Rg6 27.Qf5+ Kd8 28.c6 bxc6
29.Rxa6 cxd5 30.Qxd5+  1-0

[Event "ch-RUS"]
[Site "Krasnodar RUS"]
[Date "2002.09.01"]
[Round "6"]
[White "Yemelin,V"]
[Black "Yakovich,Y"]
[Result "1/2-1/2"]
[WhiteElo "2534"]
[BlackElo "2586"]

1.e4 c5 2.Nf3 Nc6 3.Bb5 g6 4.Bxc6 bxc6 5.O-O Bg7 6.c3 Nf6 7.Re1 O-O 8.d4 d5
9.e5 Ne4 10.Nbd2 cxd4 11.cxd4 c5 12.dxc5 Nxc5 13.Nb3  1/2-1/2

[Event "ch-RUS"]
[Site "Krasnodar RUS"]
[Date "2002.09.02"]
[Round "7"]
[White "Ovetchkin,R"]
[Black "Cherniaev,A1"]
[Result "1-0"]
[WhiteElo "2557"]
[BlackElo "2509"]

1.e4 c5 2.Nf3 Nc6 3.Bb5 e6 4.Bxc6 bxc6 5.d3 Ne7 6.Qe2 f6 7.Nh4 g6 8.f4 Bg7
9.Nf3 e5 10.O-O O-O 11.fxe5 fxe5 12.Qf2 d6 13.Qh4 Bd7 14.Na3 Nc8 15.Bg5 Qe8
16.Rf2 Nb6 17.Raf1 Be6 18.b3 Qd7 19.h3 Rae8 20.Nc4 Nc8 21.Be3 Qe7 22.Qxe7 Rxe7
23.Na5 Bd7 24.c3 Nb6 25.Rc1 Ref7 26.Kh2 Rc8 27.b4 cxb4 28.cxb4 c5 29.bxc5 dxc5
30.Nb7 Bf8 31.Nxc5 Bb5 32.Rb2 Be8 33.Ne6 Rxc1 34.Bxc1 Bd6 35.Be3 Re7 36.Nc5 Rc7
37.Na6 Rc3 38.Bxb6 axb6 39.Rxb6 Rxd3 40.Nb4 Bxb4 41.Rxb4 Ra3 42.Nxe5 Rxa2
43.Rb8 Kf8 44.Ng4 Ke7 45.Rb7+ Kd6 46.e5+ Kc5 47.Rxh7 Bc6 48.Kg3 Rxg2+ 49.Kf4 Re2
50.Rc7 Kb6 51.Rg7 Be4 52.Ne3 Bd3 53.Rd7 Bb5 54.Rd6+ Bc6 55.Rxg6 Rf2+ 56.Kg5 Rf3
57.Nd5+ Kc5 58.Nf4 Be4 59.Rd6 Rg3+ 60.Kh4 Rg8 61.Ne6+ Kb5 62.Rd8 Rg1 63.Ng5 Bc6
64.Kh5 Kb6 65.e6 Kc7 66.Rd4 Be8+ 67.Kh6 Rf1 68.Kg7 Rf5 69.h4 Rf1 70.Nf7 Re1
71.Rc4+ Bc6 72.Kf6 Kb6  1-0

[Event "II Open"]
[Site "Poio ESP"]
[Date "2002.09.03"]
[Round "4"]
[White "Bjerring,K"]
[Black "Rivera,D"]
[Result "1/2-1/2"]
[WhiteElo "2263"]
[BlackElo "2323"]

1.e4 c5 2.Nf3 Nc6 3.Bb5 g6 4.O-O Bg7 5.c3 Nf6 6.Re1 O-O 7.d4 d5 8.exd5 Qxd5
9.Be3 cxd4 10.Bxc6 Qxc6 11.Bxd4 Be6 12.Nbd2 Rfd8 13.Qe2 b6 14.h3 Re8 15.a4 Bd5
16.c4 Be6 17.b3 Bc8 18.a5  1/2-1/2

[Event "It"]
[Site "Tula RUS"]
[Date "2002.09.08"]
[Round "5"]
[White "Arbakov,V"]
[Black "Bakutin,A"]
[Result "1-0"]
[WhiteElo "2445"]
[BlackElo "2220"]

1.Nf3 c5 2.e4 Nc6 3.Bb5 g6 4.O-O Bg7 5.c3 Nf6 6.Re1 e5 7.Bxc6 dxc6 8.Nxe5 O-O
9.d4 Re8 10.Bg5 h6 11.Bh4 g5 12.Bg3 Nxe4 13.Rxe4 f6 14.Nd2 fxe5 15.Bxe5 Bf5
16.Qb3+ Kh7 17.Qf7 Rxe5 18.Rxe5 Bg6 19.Qxb7 Rb8 20.Qxa7 Ra8 21.Qxc5 Bxe5
22.Qxe5  1-0

[Event "FSIMB Sept"]
[Site "Budapest HUN"]
[Date "2002.09.09"]
[Round "3"]
[White "Brustkern,J"]
[Black "Berczes,C"]
[Result "1/2-1/2"]
[WhiteElo "2293"]
[BlackElo "2316"]

1.e4 c5 2.Nf3 Nc6 3.Bb5 g6 4.Bxc6 dxc6 5.d3 Bg7 6.h3 Nf6 7.Nc3 O-O 8.Be3 b6
9.Qd2 Ne8 10.Bh6 f6 11.O-O-O e5 12.Nh2 Qe7 13.Ng4 Nc7 14.g3 Ne6 15.f4 Nd4
16.Bxg7 Qxg7 17.Ne3 b5 18.Rdf1 Rd8 19.Qf2 a5 20.f5 Rf8 21.g4 a4 22.Ne2 Ba6  1/2-1/2

[Event "TCh-CRO"]
[Site "Medulin CRO"]
[Date "2002.09.12"]
[Round "4"]
[White "Leventic,I"]
[Black "Shariyazdanov,A"]
[Result "1/2-1/2"]
[WhiteElo "2424"]
[BlackElo "2562"]

1.e4 c5 2.Nf3 Nc6 3.Bb5 e6 4.O-O Nge7 5.Re1 a6 6.Bxc6 Nxc6 7.d4 cxd4 8.Nxd4 Qc7
9.Nxc6 dxc6 10.e5 b6 11.Nd2 Bb7 12.Nc4 c5 13.b3 Qc6 14.f3 Rd8 15.Qe2 Be7
16.Bb2 O-O 17.Rad1 Rd5 18.Ne3 Rxd1 19.Rxd1 b5 20.c4 Rd8 21.Rxd8+ Bxd8 22.Qd3 Be7
23.Bc3 h5 24.Nd1 Bg5 25.Kf2 g6 26.Ne3 Kf8 27.Nf1 Be7 28.Nd2 b4 29.Bb2 Qc7
30.Ne4 Qa5 31.Qb1 Bxe4 32.fxe4 Bg5 33.Ke2 Bh6 34.g3 Qd8 35.Qd3 Qg5 36.h4 Qg4+
37.Kf2 Qh3 38.Qf3 Qh2+ 39.Qg2 Qxg2+ 40.Kxg2 Bd2 41.Kf2 g5 42.Ke2 gxh4 43.gxh4 Bh6
44.Kf3 Ke8 45.Kf2 Kd7 46.Kf3 Kc6 47.Kf2 Kb6 48.Kf3 a5 49.a4 Kc6 50.Kf2 Kd7
51.Kf3 Ke8 52.Ke2 Bf4 53.Kf3 Bd2 54.Ke2 Bc3 55.Bc1 Bxe5 56.Be3 Bd6 57.Kf3 f6
58.Bg1 Kf7 59.Bf2 Ke7 60.Be3 Kd7 61.Bg1 Kc6 62.Be3 Be5 63.Bf2  1/2-1/2

[Event "7th WUCC Men"]
[Site "Ulaanbaatar MON"]
[Date "2002.09.12"]
[Round "2"]
[White "Zhang Zhong"]
[Black "Sitnikov,D"]
[Result "1/2-1/2"]
[WhiteElo "2637"]
[BlackElo "2419"]

1.e4 c5 2.Nf3 Nc6 3.Bb5 d6 4.O-O Bd7 5.Re1 Nf6 6.c3 a6 7.Bf1 Bg4 8.d3 g6
9.Be3 Bg7 10.Nbd2 O-O 11.h3 Bd7 12.d4 cxd4 13.cxd4 d5 14.e5 Ne8 15.Qb3 Nc7
16.Rac1 a5 17.Nb1 a4 18.Qd1 Na5 19.Qc2 Rc8 20.Qd2 Nc4 21.Bxc4 dxc4 22.d5 Bf5
23.Rxc4 Qxd5 24.Rxa4 Qc6 25.Nc3 Rfd8 26.Nd4 Qe8 27.Qe2 Bd7 28.Rb4 Bxe5 29.Rxb7 Ne6
30.Nxe6 Bxe6 31.Bh6 Bh8 32.a4 Rd7 33.Rxd7 Qxd7 34.Rd1 Qb7 35.Qd3 f5 36.Nb5 Bc4
37.Qa3 Bf6 38.Rc1 Kf7 39.Qb4 Bd5 40.Rd1 Rc4 41.Qa3 g5 42.Qd3 Be6 43.Re1 Qd5
44.Qe2 g4 45.hxg4 Rxg4 46.f3 Rxa4 47.Nc3 Bxc3 48.bxc3 f4 49.Bg7 Kxg7 50.Qxe6 Qxe6
51.Rxe6 Kf7 52.Rc6 Ra2 53.Kh2 Rc2 54.Kh3 h5 55.Rc5  1/2-1/2

[Event "FSIMB Sept"]
[Site "Budapest HUN"]
[Date "2002.09.13"]
[Round "7"]
[White "Philipowski,R"]
[Black "Berczes,C"]
[Result "1/2-1/2"]
[WhiteElo "2299"]
[BlackElo "2316"]

1.e4 c5 2.Nf3 Nc6 3.Bb5 g6 4.O-O Bg7 5.Nc3 Nf6 6.e5 Ng4 7.Bxc6 dxc6 8.Re1 O-O
9.d3 f6 10.Bf4 fxe5 11.Bg3 Nh6 12.h3 Nf7 13.Nxe5 Bf5 14.Qe2 Bf6 15.Rad1 Ng5
16.Ng4 Bxg4 17.Qxg4 Qd4 18.Qxd4 cxd4 19.Ne4 Nxe4 20.Rxe4 Rad8 21.Rde1 Rd5
22.Be5 Bxe5 23.Rxe5 Rxe5 24.Rxe5 Kf7 25.f4 e6 26.Kf2 b6 27.Kf3 c5 28.g4 Ke7
29.h4 Rf7 30.h5 gxh5 31.Rxh5 Kd6 32.Rg5 Rc7 33.Ke4 Rf7 34.a4 Rc7 35.Rg8 Rf7
36.b4 cxb4 37.Rd8+ Kc6 38.Rxd4 a5 39.Ke5 b5 40.Rd6+ Kb7 41.axb5 Rc7 42.Ra6 Rxc2
43.Rxa5 b3 44.Ra1 b2 45.Rb1 Re2+ 46.Kd4 Rc2 47.f5 exf5 48.gxf5 Rf2 49.f6 Rxf6
50.Rxb2 Kb6 51.Ke5 Rf8 52.d4 Re8+ 53.Kf5 Rf8+ 54.Ke6 Re8+ 55.Kd7 Rh8 56.d5 h5
57.d6 h4 58.Rh2 h3 59.Ke6 Rh6+ 60.Ke5 Rh5+ 61.Ke4 Rh4+ 62.Ke3 Rh6 63.Rd2 Rh8
64.d7 Rd8 65.Kf3 Kxb5 66.Kg3 Kc6 67.Kxh3 Rxd7 68.Rxd7 Kxd7  1/2-1/2

[Event "7th WUCC Men"]
[Site "Ulaanbaatar MON"]
[Date "2002.09.13"]
[Round "3"]
[White "Zhang Zhong"]
[Black "Bocharov,D"]
[Result "1-0"]
[WhiteElo "2637"]
[BlackElo "2475"]

1.e4 c5 2.Nf3 Nc6 3.Bb5 g6 4.Bxc6 dxc6 5.d3 Bg7 6.h3 Nf6 7.Nc3 Nd7 8.Be3 e5
9.Qd2 Qe7 10.Nh2 Nf8 11.f4 exf4 12.Bxf4 Ne6 13.Be3 Nd4 14.O-O Be6 15.Nd1 O-O
16.c3 Nb5 17.Nf2 h5 18.Nf3 Rad8 19.Bh6 f6 20.Bxg7 Qxg7 21.Qe3 b6 22.a4 Nd6
23.a5 f5 24.axb6 axb6 25.e5 f4 26.Qc1 Ne8 27.Ra4 g5 28.h4 Bb3 29.Ra3 g4 30.Ng5 Bd5
31.Re1 Nc7 32.c4 Be6 33.Ra7 Bc8 34.Qc3 Rd4 35.Qb3 g3 36.Nfe4 Qxe5 37.Nf3 Qg7
38.Qxb6 Rd7 39.Nxc5 Rdf7 40.Re5 Bf5 41.Qxc6 Ne8 42.Ra8 Nc7 43.Ra7 Ne8 44.Ra1 Nc7
45.Rae1 Rf6 46.Qb7 R6f7 47.Qb3 Qf6 48.Ne4 Qc6 49.Neg5 Rf6 50.d4 Ne8 51.c5+ Kh8
52.Qc4 Nd6 53.Qb4 Nb7 54.Re7 Nd8 55.Qc4  1-0

[Event "TCh-CRO"]
[Site "Medulin CRO"]
[Date "2002.09.14"]
[Round "6"]
[White "Zufic,M"]
[Black "Kuljasevic,D"]
[Result "1-0"]
[WhiteElo "2349"]
[BlackElo "2365"]

1.e4 c5 2.Nf3 Nc6 3.Bb5 e6 4.O-O Nge7 5.c3 a6 6.Be2 d5 7.exd5 Nxd5 8.d4 Be7
9.dxc5 Bxc5 10.c4 Nf6 11.Qxd8+ Kxd8 12.Nc3 Ke7 13.Na4 Nd4 14.Bd1 Ba7 15.Bd2 Ne4
16.Bb4+ Kf6 17.Nxd4 Bxd4 18.Bc2 Bd7 19.Nb6 Bxb6 20.Bxe4 Bd4 21.Rad1 e5 22.Rd3 g6
23.b3 Bc6 24.Bxc6 bxc6 25.Rfd1 c5 26.Bc3 Ke6 27.Kf1 Rhd8 28.Ke2 Rd7 29.f3 Rad8
30.Ba5 Rb8 31.a3 Rc8 32.Kd2 f5 33.Kc2 Rf7 34.Re1 Kd6 35.Bc3 Rcc7 36.Rd2 Rce7
37.f4 exf4 38.Bxd4 cxd4 39.Rxd4+ Kc5 40.Red1 Re2+ 41.Kc3 Re3+ 42.R1d3 Rfe7
43.b4+ Kc6 44.Rxf4 Re2 45.Rfd4 Rxg2 46.Rd6+ Kb7 47.Rd7+ Rxd7 48.Rxd7+ Kc6
49.Rxh7 g5 50.Rh6+ Kb7 51.Kd4 Ra2 52.Kc5 Rxa3 53.Rh7+ Kc8 54.Kc6 Kb8 55.Kb6 Kc8
56.c5 Rb3 57.Rh8+ Kd7 58.c6+ Kd6 59.Rd8+ Ke5 60.c7 Rxb4+ 61.Kc5 Rb1 62.Rd5+  1-0

[Event "CUPA TC IND"]
[Site "Ploiesti ROM"]
[Date "2002.09.14"]
[Round "2"]
[White "Pepene,G"]
[Black "Mosnegutu,M"]
[Result "0-1"]
[WhiteElo "2113"]
[BlackElo "2238"]

1.e4 c5 2.Nf3 Nc6 3.Bb5 g6 4.O-O Bg7 5.Nc3 e6 6.Re1 Nge7 7.d3 Nd4 8.Nxd4 cxd4
9.Ne2 O-O 10.f4 d6 11.g4 Qc7 12.Ba4 Qc5 13.Ng3 a5 14.a3 b5 15.Bb3 Bd7 16.Bd2 Nc6
17.Re2 Rfc8 18.Be1 Bh6 19.g5 Bg7 20.Bf2 a4 21.Ba2 b4 22.h4 Ne7 23.Be1 Nc6
24.Rf2 Rab8 25.e5 d5 26.axb4 Nxb4 27.Bb1 Nc6 28.Qc1 Ne7 29.Rd2 Qb6 30.Bf2 Qb4
31.Kg2 Bf8 32.Ra2 Rc7 33.Re2 Rcb7 34.Qg1 Nc6 35.Kf3 Qa5 36.Qc1 Rb5 37.Be1 Qb6
38.Bd2 Rxb2 39.Qxb2 Qxb2 40.Rxb2 Rxb2 41.Re1 a3  0-1

[Event "7th WUCC Women"]
[Site "Ulaanbaatar MON"]
[Date "2002.09.14"]
[Round "4"]
[White "Moshina,C"]
[Black "Rybenko,K"]
[Result "1/2-1/2"]
[WhiteElo "2271"]
[BlackElo "2295"]

1.e4 c5 2.Nf3 Nc6 3.Bb5 g6 4.O-O Bg7 5.Re1 Nf6 6.c3 O-O 7.d4 cxd4 8.cxd4 d5
9.e5 Ne4 10.Nc3 Nxc3 11.bxc3 Na5 12.Bg5 a6 13.Bd3 Qc7 14.Rc1 b5 15.Nd2 f6
16.exf6 exf6 17.Bh4 Bh6 18.Bg3 Bf4 19.Qf3 Bxg3 20.Qxd5+ Kg7 21.hxg3 Bb7 22.Qc5 Qxc5
23.dxc5 Rac8 24.Nb3 Nxb3 25.axb3 Rxc5 26.c4 bxc4 27.Bxc4 Bd5 28.Bxd5 Rxd5
29.Re7+ Rf7 30.Rcc7 Rd1+ 31.Kh2 Rxe7 32.Rxe7+ Kh6 33.Re6 Rb1 34.Rxf6 Rxb3
35.Rxa6 Kh5 36.Ra7 h6 37.f3 Kg5 38.Ra5+ Kf6 39.g4 g5 40.Ra6+ Kg7 41.Ra2 Rb6
42.g3 Rf6 43.Rf2 Kg6 44.f4 Rc6 45.f5+ Kf6 46.Re2 h5 47.gxh5 g4 48.Rf2 Kg5
49.Kg2 Rf6 50.Rf4 Kxh5 51.Kf2 Kg5 52.Ke3 Rxf5 53.Rxf5+ Kxf5 54.Kd4 Kf6  1/2-1/2

[Event "7th WUCC Women"]
[Site "Ulaanbaatar MON"]
[Date "2002.09.14"]
[Round "4"]
[White "Petrenko,S"]
[Black "Anhchimeg,B"]
[Result "1/2-1/2"]
[WhiteElo "2349"]
[BlackElo "2244"]

1.e4 c5 2.Nf3 Nc6 3.Bb5 g6 4.O-O Bg7 5.c3 Nf6 6.Re1 O-O 7.d3 Ne8 8.Nbd2 Nc7
9.Bxc6 dxc6 10.Nb3 b6 11.Bf4 Bg4 12.h3 Bxf3 13.Qxf3 e5 14.Bg3 Qe7 15.Rad1 Rad8
16.Qe3 Ne6 17.Nc1 Rd7 18.Ne2 Rfd8 19.Rd2 h5 20.f4 h4 21.Bh2 Bh6 22.Rf1 Qf6
23.c4 Nd4 24.Nxd4 Rxd4 25.Rf3 Qd6 26.Qe1 exf4 27.Qxh4 g5 28.Qh5 Qg6 29.Qxg6+ fxg6
30.Kf1 Rxe4 31.Re2 Rxe2 32.Kxe2 Re8+ 33.Kd1 Bg7 34.h4 Re3 35.Rxe3 fxe3 36.hxg5 Bxb2
37.Bb8 Bd4 38.Bxa7 b5 39.Ke2 Kf7 40.Bb8 Ke6 41.g4 Be5 42.Ba7 Kd6 43.Bb8+ Ke6
44.Ba7 Kd6 45.Bb6 Bf4 46.Bd8 Kd7 47.Bf6 Ke6 48.Bd8 Kd7 49.Bf6 Ke6 50.Kf3 b4
51.Bd8 Kd7 52.Bf6 Ke6 53.Ke2 Kd6 54.Kf3 Ke6 55.Bd8 Kd7 56.Bb6 Kd6 57.Bd8 Kd7
58.Bf6  1/2-1/2

[Event "Poyntner Mem IM"]
[Site "St Poelten AUT"]
[Date "2002.09.15"]
[Round "9"]
[White "Neumeier,K"]
[Black "Lanc,A"]
[Result "1/2-1/2"]
[WhiteElo "2332"]
[BlackElo "2376"]

1.e4 c5 2.Nf3 Nc6 3.Bb5 d6 4.O-O Bd7 5.c3 Nf6 6.Re1 a6 7.Bxc6 Bxc6 8.d4 Bxe4
9.Bg5 Bc6 10.Bxf6 gxf6 11.d5 Bd7 12.Nbd2  1/2-1/2

[Event "TCh-CRO"]
[Site "Medulin CRO"]
[Date "2002.09.16"]
[Round "8"]
[White "Levacic,P"]
[Black "Jankovic,A"]
[Result "1/2-1/2"]
[WhiteElo "2336"]
[BlackElo "2299"]

1.e4 c5 2.Nf3 Nc6 3.Bb5 g6 4.Bxc6 dxc6 5.d3 Bg7 6.O-O Nf6 7.Nc3 Nd7 8.Be3 e5
9.Qd2 O-O 10.Bh6 Bxh6 11.Qxh6 Qf6 12.a3 a5 13.a4 Re8 14.Nd2 Nf8 15.Nc4 Ne6
16.Ne2 Re7 17.f3 Qg7 18.Qd2 Nf4 19.Nb6 Nxe2+ 20.Qxe2 Ra6 21.Qe3 Be6 22.Qxc5 Qf8
23.Nc4 Bxc4 24.Qxc4 Rb6 25.b3 Rb4 26.Qc5 Qd8 27.Kh1 b6 28.Qe3 Rd4 29.Qg5 Re6
30.Qg3 b5 31.f4 bxa4 32.bxa4 exf4 33.Qxf4 Qe7 34.Qb8+ Kg7 35.Qb2 Qb4 36.Qxb4 Rxb4
37.Rfb1 c5 38.Kg1 Reb6 39.Rxb4 cxb4 40.Kf2 Rc6 41.c4 bxc3 42.Ke3 Kf6 43.Rc1 h5
44.Rc2 h4 45.Kd4 Rb6 46.Rf2+ Ke6 47.Kxc3 Rb4 48.Rf4 h3 49.g4 Rxa4 50.Rf3 Ra2
51.Rxh3 Rg2 52.Rh8 Rxg4 53.Ra8 Rh4 54.Rxa5 Rxh2 55.Kd4 Rh3 56.Ra6+ Ke7 57.Kc4 Re3
58.Ra3 Ke6 59.Kd4 Rh3 60.Ra6+ Ke7 61.Ra5 Ke6 62.Rc5 Kd6 63.Rc8 Kd7 64.Ra8 Ke6
65.Ra6+ Ke7 66.e5 g5 67.Ke4 g4 68.Ra7+ Ke8 69.Ra8+ Ke7 70.Rg8 Ke6 71.Rxg4 f5+
72.exf6 Kxf6 73.Kd4 Ke6 74.Rg8 Kd7 75.Kc4 Rh4+ 76.d4 Rh5 77.Rg6 Ra5 78.Rg3  1/2-1/2

[Event "7th WUCC Men"]
[Site "Ulaanbaatar MON"]
[Date "2002.09.17"]
[Round "6"]
[White "Shomoev,A"]
[Black "Sitnikov,D"]
[Result "1-0"]
[WhiteElo "2533"]
[BlackElo "2419"]

1.e4 c5 2.Nf3 Nc6 3.Bb5 d6 4.O-O Bd7 5.Re1 Nf6 6.c3 a6 7.Bf1 Bg4 8.d3 g6
9.Be3 Bg7 10.Nbd2 O-O 11.h3 Bd7 12.d4 cxd4 13.cxd4 d5 14.e5 Ne8 15.Nb1 Nc7
16.Nc3 Na7 17.Qd2 Bb5 18.Nxb5 axb5 19.Rec1 Qd7 20.Ne1 Rfc8 21.Nd3 Na6 22.Nb4 e6
23.Be2 Bf8 24.Nd3 b4 25.h4 Rxc1+ 26.Nxc1 Rc8 27.h5 Rc7 28.Bd3 Nc6 29.Nb3 Qc8
30.g3 Nab8 31.Kg2 Nd7 32.Qe2 Ne7 33.Bd2 Nf5 34.g4 Nh4+ 35.Kg3 Be7 36.Rh1 Qd8
37.f4 Nb6 38.hxg6 fxg6 39.Nc5 Rxc5 40.dxc5 Nd7 41.Bxb4 g5 42.fxg5 Bxg5 43.Bd2 h6
44.b4 Qe7 45.a4 Nb8 46.a5 Nc6 47.Bc3 d4 48.Bd2 Qc7 49.Rxh4 Nxe5 50.Bxg5 hxg5
51.Rh7 Qb8 52.Rxb7 Qxb7 53.Qxe5 Qg2+ 54.Kxg2  1-0

[Event "7th WUCC Women"]
[Site "Ulaanbaatar MON"]
[Date "2002.09.17"]
[Round "6"]
[White "Li Ruofan"]
[Black "Petrenko,S"]
[Result "0-1"]
[WhiteElo "2327"]
[BlackElo "2349"]

1.e4 c5 2.Nf3 Nc6 3.Bb5 a6 4.Bxc6 bxc6 5.O-O d6 6.h3 g6 7.c3 Bg7 8.d4 cxd4
9.cxd4 Nf6 10.Qc2 Bb7 11.Nc3 O-O 12.b3 Rc8 13.Bb2 c5 14.d5 a5 15.Qe2 Qb6
16.Rfd1 Ba6 17.Qe3 Nd7 18.Na4 Qc7 19.Bxg7 Kxg7 20.Rac1 f6 21.Qc3 Rfe8 22.Nd4 Nf8
23.Nb2 Ra8 24.h4 Qd7 25.Nc6 Qg4 26.Re1 Qxh4 27.Nxa5 Nd7 28.a4 Ne5 29.Nac4 Reb8
30.Rc2 Rb4 31.Nd2 g5 32.Re3 Ng4 33.Nf3 Qh5 34.Re1 Rab8 35.Nc4 Rxb3 36.Qd2 R8b4
37.Ne3 Nxe3 38.Rxe3 Rxe3 39.Qxe3 Rxa4 40.Rc1 h6 41.e5 fxe5 42.Nxe5 Rh4 43.f3 Rh1+
44.Kf2 Qh4+  0-1

[Event "7th WUCC Women"]
[Site "Ulaanbaatar MON"]
[Date "2002.09.17"]
[Round "6"]
[White "Otgonjargal,S"]
[Black "Anhchimeg,B"]
[Result "1/2-1/2"]
[WhiteElo "2094"]
[BlackElo "2244"]

1.e4 c5 2.Nf3 Nc6 3.Bb5 g6 4.O-O Bg7 5.c3 Nf6 6.Re1 O-O 7.Ba4 d5 8.e5 Ne8
9.d4 cxd4 10.cxd4 Bg4 11.Nc3 Nc7 12.Be3 Rb8 13.h3 Bd7 14.Bb3 Be8 15.Bf4 Na5
16.e6 fxe6 17.Bxc7 Qxc7 18.Rxe6 Nxb3 19.axb3 Bf7 20.Ng5 Qf4 21.Nxf7 Rxf7
22.Qe2 Bxd4 23.Nxd5 Qxf2+ 24.Kh1 Qxe2 25.Rxe2 e5 26.Nc3 a6 27.b4 Rbf8 28.Kh2 Rf1
29.Ra5 R1f2 30.Rxf2 Rxf2 31.b5 Rxb2 32.bxa6 bxa6 33.Nd5 Rb5 34.Nf6+ Kf7 35.Rxa6 Rb6
36.Rxb6 Bxb6 37.Ne4 Ke6 38.Kg3 Be3 39.Kf3 Bf4 40.Nc3 h5 41.Ke4 h4 42.Nd1 Bh2
43.Ne3  1/2-1/2

[Event "7th WUCC Women"]
[Site "Ulaanbaatar MON"]
[Date "2002.09.17"]
[Round "6"]
[White "Yu Ting"]
[Black "Rybenko,K"]
[Result "1/2-1/2"]
[WhiteElo "2220"]
[BlackElo "2295"]

1.e4 c5 2.Nf3 Nc6 3.Bb5 g6 4.O-O Bg7 5.Re1 Nf6 6.e5 Nd5 7.Nc3 Nc7 8.Bxc6 dxc6
9.Ne4 b6 10.Nf6+ Kf8 11.Ne4 Bg4 12.d3 Ne6 13.Ned2 Qd5 14.h3 Bxf3 15.Nxf3 Rd8
16.Be3 f6 17.exf6 exf6 18.Bd2 Kf7 19.Bc3 Rhe8 20.Qc1 g5 21.Re4 h6 22.Kh2 Nf4
23.Qe1 f5 24.Re3 Nxg2 25.Kxg2 Bxc3 26.bxc3 g4 27.c4 gxf3+ 28.Kg3 Rg8+ 29.Kf4 Qd4+
30.Kxf3 Rde8 31.Qh1 Qh4 32.Ke2 Rxe3+ 33.fxe3 Rg3 34.Qxc6 Qxh3 35.Qd7+ Kf6
36.Qd6+ Kg5 37.Qe7+ Kg4 38.Qg7+ Kh5 39.Qf7+ Rg6 40.Rf1 Qg4+ 41.Kf2 Qh3 42.Ke2 Qg2+
43.Ke1 Qg3+ 44.Ke2  1/2-1/2

[Event "7th WUCC Women"]
[Site "Ulaanbaatar MON"]
[Date "2002.09.18"]
[Round "7"]
[White "Petrenko,S"]
[Black "Moshina,C"]
[Result "1-0"]
[WhiteElo "2349"]
[BlackElo "2271"]

1.e4 c5 2.Nf3 Nc6 3.Bb5 g6 4.O-O Bg7 5.Bxc6 dxc6 6.d3 e5 7.Be3 b6 8.Qd2 Qc7
9.a4 a5 10.Na3 Nf6 11.h3 O-O 12.Nc4 Nd7 13.Bh6 f6 14.Bxg7 Kxg7 15.Ne3 h5
16.Nh4 Nb8 17.Qe2 Be6 18.Qf3 Qf7 19.Qg3 Kh7 20.Nf3 Nd7 21.h4 c4 22.d4 exd4
23.Nxd4 Rac8 24.f4 Nc5 25.Qf3 Bd7 26.Ne2 Qe7 27.Ng3 Ne6 28.Nxc4 Nd4 29.Qf2 Qc5
30.Ne3 Rce8 31.Rad1 Kh6 32.c3  1-0

[Event "7th WUCC Women"]
[Site "Ulaanbaatar MON"]
[Date "2002.09.19"]
[Round "8"]
[White "Yu Ting"]
[Black "Kochetkova,J"]
[Result "1/2-1/2"]
[WhiteElo "2220"]
[BlackElo "2244"]

1.e4 c5 2.Nf3 Nc6 3.Bb5 e6 4.O-O Nge7 5.b3 f6 6.Bb2 Ng6 7.Re1 Be7 8.c3 O-O
9.d4 cxd4 10.cxd4 a6 11.Bf1 d5 12.Nc3 Kh8 13.g3 dxe4 14.Nxe4 Bb4 15.Re3 Nce7
16.a3 Bd6 17.Bg2 Nd5 18.Re1 Re8 19.h4 Nf8 20.Rc1 Qe7 21.Nfd2 Bc7 22.Nc3 Nxc3
23.Rxc3 Rb8 24.h5 h6 25.Ne4 Bb6 26.Rc4 Bd7 27.Nc5 Bb5 28.Rc1 Bxc5 29.dxc5 Rbd8
30.Qe2 Qf7 31.Rcd1 e5 32.Rxd8 Rxd8 33.Rd1 Rc8 34.b4 Ne6 35.Rd6 Nf8 36.Qd1 Qc7
37.Be4 a5 38.Bf5 Ra8 39.a4 Be8 40.b5 Qxc5 41.Bg4 Qc7 42.Bc1 Qe7 43.Be3 Bf7
44.Qd2 Qe8 45.Qd1 Be6 46.Bf3 Qe7 47.Bc5 Qc7 48.Bb6 Qe7 49.Qd2 Bb3 50.Bd1 Bxd1
51.Qxd1 Ne6 52.Qd5 Ng5 53.Rd7 Qb4 54.Be3 Qxa4 55.Bxg5 fxg5 56.Qxb7 Rf8 57.Rxg7 Qc2
58.Rf7 Rxf7 59.Qxf7 Qb1+ 60.Kg2 Qxb5 61.Qf6+ Kg8 62.Qg6+ Kf8 63.Qxh6+ Kf7
64.Qg6+ Kf8 65.h6 Qd5+ 66.Kh2 Qf7 67.Qd6+ Kg8 68.Kg1 Kh7 69.Qxe5 Kxh6 70.Qxa5 Qe6
71.Qd2 Qe4 72.Qe3 Qd5 73.f3 Qd1+ 74.Kg2 Qc2+ 75.Qf2 Qc6 76.g4 Qd6 77.Qb2 Kg6
78.Qe2 Kh6 79.Qb5 Qd2+ 80.Kh3 Qd6  1/2-1/2

[Event "ECC"]
[Site "Halkidiki GRE"]
[Date "2002.09.22"]
[Round "1"]
[White "Finkel,A"]
[Black "Nataf,IA"]
[Result "1/2-1/2"]
[WhiteElo "2485"]
[BlackElo "2560"]

1.e4 c5 2.Nf3 Nc6 3.Bb5 e6 4.O-O Nge7 5.c3 a6 6.Ba4 b5 7.Bc2 Bb7 8.Qe2 c4
9.b3 d5 10.exd5 Nxd5 11.bxc4 Nf4 12.Qe4 Qc7 13.Qe3 bxc4 14.Na3 Nd5 15.Qe2 Na5
16.Ba4+ Bc6 17.Bxc6+ Qxc6 18.Nc2 Bd6 19.Nb4 Nxb4 20.cxb4 Bxb4 21.Rb1 Bd6
22.Bb2 O-O 23.Ne5 Qc7 24.Bc3 Bxe5 25.Bxe5 Qc5 26.Rfc1 Rac8 27.Ba1 Rfd8 28.h4 Qd5
29.Rc2 Qd3 30.Qe5 f6 31.Qxe6+ Kh8 32.Rbc1 Rc6 33.Qe7 Rcd6 34.Qc7 Qd5 35.Bc3 Nc6  1/2-1/2

[Event "ECC"]
[Site "Halkidiki GRE"]
[Date "2002.09.22"]
[Round "1"]
[White "Watzka,H"]
[Black "Goossens,E"]
[Result "1/2-1/2"]
[WhiteElo "2351"]
[BlackElo "2189"]

1.e4 c5 2.Nf3 Nc6 3.Bb5 g6 4.O-O Bg7 5.c3 Nf6 6.Re1 O-O 7.d4 d5 8.e5 Ne4
9.h3 cxd4 10.cxd4 Qb6 11.Bxc6 bxc6 12.Nc3 e6 13.Nxe4 dxe4 14.Rxe4 Bb7 15.b4 Qxb4
16.Bg5 c5 17.Rf4 cxd4 18.Bf6 Qa5 19.Qxd4 Rac8 20.Ng5 Bxf6 21.Rxf6 Qd5 22.Qxd5 Bxd5
23.Rf4 Rc5 24.Ne4 Bxe4 25.Rxe4 Rb8 26.Rd1 Rb7 27.Rd2 Ra5 28.Kh2 Kg7 29.h4 h5
30.g3 a6 31.a4 Rc5 32.Kg2 Rbc7 33.Rd6 a5 34.Kh2 Rc4 35.Rdd4 Rxd4 36.Rxd4 Rc2
37.Kg2 Re2 38.Rd7 Rxe5 39.Ra7 Kf6 40.Kf3 Rc5 41.Ke3 Rf5 42.Rb7 Rc5 43.Ra7 Rf5
44.Rb7 Rc5 45.Ra7 g5 46.hxg5+ Rxg5 47.Kf3 Rf5+ 48.Kg2 Kg5 49.Ra8 Rc5 50.Ra7 Rf5
51.Ra8 Kf6 52.Ra7 Rc5 53.Kf3 Rf5+ 54.Kg2 Rc5 55.Kf3 Kg6 56.Ra8 f6 57.Ra7 Kf5
58.Rh7 Ke5 59.Rxh5+ f5 60.Rh4 Rc3+ 61.Ke2 Kd5 62.f3 Ra3 63.Rf4 Rc3 64.Rh4 Rb3
65.Rf4 Rb1 66.g4 fxg4 67.Rxg4 e5 68.Re4 Rb2+ 69.Ke3 Rc2 70.Kd3 Rc1 71.Rh4 Rc8
72.Rh7 Rf8 73.Ra7 Rxf3+ 74.Ke2 Ra3 75.Rxa5+ Ke4 76.Rb5 Ra2+ 77.Ke1 Kf4 78.a5 e4
79.Rh5 Ke3 80.Rh3+ Kd4 81.Rg3 Rxa5 82.Rh3 Ra2 83.Rg3 e3 84.Rg8  1/2-1/2

[Event "VI Pablo Gorbea Mem"]
[Site "Madrid ESP"]
[Date "2002.09.22"]
[Round "7"]
[White "Sprenger,J"]
[Black "Bjerring,K"]
[Result "1-0"]
[WhiteElo "2426"]
[BlackElo "2263"]

1.e4 c5 2.Nf3 Nc6 3.Bb5 g6 4.Bxc6 dxc6 5.h3 Bg7 6.d3 e5 7.Nc3 b6 8.Be3 f6
9.Qd2 Be6 10.O-O Ne7 11.a3 O-O 12.b4 cxb4 13.axb4 Qd7 14.Ra3 Rab8 15.Rfa1 Rb7
16.Bh6 Rf7 17.Bxg7 Rxg7 18.d4 exd4 19.Qxd4 c5 20.bxc5 bxc5 21.Qxf6 Rf7 22.Qg5 Nc6
23.Ne5 Nxe5 24.Qxe5  1-0

[Event "ECC"]
[Site "Halkidiki GRE"]
[Date "2002.09.24"]
[Round "3"]
[White "Horvath,Ad"]
[Black "Nedev,T"]
[Result "1/2-1/2"]
[WhiteElo "2476"]
[BlackElo "2476"]

1.e4 c5 2.Nf3 Nc6 3.Bb5 e6 4.O-O Nge7 5.Re1 Nd4 6.Nxd4 cxd4 7.d3 a6 8.Ba4 b5
9.Bb3 Nc6 10.f4 Be7 11.Nd2 O-O 12.Nf3 Bb7 13.Kh1 Rc8 14.Bd2 Qb6 15.Qe2 Bc5
16.a4 b4 17.f5 Be7 18.Bg5 Qd8 19.Bf4 Bc5 20.Bg5 Be7 21.Bf4 Bc5 22.Bg5  1/2-1/2

[Event "ECC"]
[Site "Halkidiki GRE"]
[Date "2002.09.24"]
[Round "3"]
[White "Kindermann,S"]
[Black "Degraeve,JM"]
[Result "1/2-1/2"]
[WhiteElo "2519"]
[BlackElo "2586"]

1.e4 c5 2.Nf3 Nc6 3.Bb5 g6 4.Bxc6 dxc6 5.d3 Bg4 6.Nbd2 Bg7 7.h3 Bxf3 8.Qxf3 Nf6
9.Nc4 Nd7 10.O-O O-O 11.Qg3 Nb6 12.Ne3 Qd6 13.Qh4 c4 14.Nxc4 Nxc4 15.dxc4 Qe6
16.Bg5 f6 17.Be3 Qxc4 18.c3 Rfd8 19.Qg4 Kf7 20.Rfd1 a6 21.Rd7 h5 22.Qd1 Ke8
23.Rxd8+ Rxd8 24.Qb3 Qxb3 25.axb3 Kf7  1/2-1/2

[Event "ECC"]
[Site "Halkidiki GRE"]
[Date "2002.09.24"]
[Round "3"]
[White "Ferguson,M"]
[Black "Hisler,T"]
[Result "1-0"]
[WhiteElo "2378"]
[BlackElo "2247"]

1.e4 c5 2.Nf3 Nc6 3.Bb5 g6 4.Bxc6 bxc6 5.O-O Bg7 6.Re1 Nf6 7.e5 Nd5 8.Nc3 O-O
9.Ne4 d6 10.c4 Nc7 11.exd6 exd6 12.d4 cxd4 13.Nxd4 Qd7 14.Bf4 Ne8 15.Qd2 Ba6
16.Rac1 Rd8 17.Nf3 Qg4 18.h3 Qf5 19.b3 d5 20.Nc5 Qc8 21.Qa5 Bb7 22.Nxb7  1-0

[Event "ECC"]
[Site "Halkidiki GRE"]
[Date "2002.09.25"]
[Round "4"]
[White "Suba,M"]
[Black "Winants,L"]
[Result "1/2-1/2"]
[WhiteElo "2507"]
[BlackElo "2504"]

1.Nf3 c5 2.e4 Nc6 3.Bb5 g6 4.O-O Bg7 5.Re1 Nf6 6.Bxc6 dxc6 7.h3 Nd7 8.d3 e5
9.Be3 b6 10.Qc1 f6 11.Nbd2 Nf8 12.a3 Ne6 13.b4 Qe7 14.bxc5 Nxc5 15.a4 Ne6
16.a5 b5 17.Nb3 O-O 18.c3 Qf7 19.d4 g5 20.Qd1 Rd8 21.Qc2 Qh5 22.Rad1 Nf4
23.Bxf4 gxf4 24.Nh2 Be6  1/2-1/2